Estado, poder y dominio: una lectura a propósito de sus mecanismos /

En este artículo se realiza un análisis crítico de los conceptos de Estado, poder y dominio desde una perspectiva teórica y reflexiva. Se exploran los mecanismos y relaciones que subyacen en estas nociones, considerando su influencia en la estructura y funcionamiento de la sociedad contemporánea. Se...

সম্পূর্ণ বিবরণ

সংরক্ষণ করুন:
গ্রন্থ-পঞ্জীর বিবরন
প্রধান লেখক: García Reyes, Paola
অন্যান্য লেখক: Vargas, Jenniffer, Uribe Kaffure, Sonia
বিন্যাস: গ্রন্থ
ভাষা:Spanish
বিষয়গুলি:
ট্যাগগুলো: ট্যাগ যুক্ত করুন
কোনো ট্যাগ নেই, প্রথমজন হিসাবে ট্যাগ করুন!

MARC

LEADER 00000nam a22000007a 4500
003 cru CIDCACS/IIS
005 20230902160219.0
007 ta
008 180830s2018 mx |||p|r|||| 00| ||spa|d
040 |c cru CIDCACS/IIS 
100 1 |9 7577  |a García Reyes, Paola 
245 1 |a Estado, poder y dominio:  |b una lectura a propósito de sus mecanismos /  |c Paola García Reyes, Jenniffer Vargas, Sonia Uribe Kaffure 
300 |a páginas 191-214 
520 |a En este artículo se realiza un análisis crítico de los conceptos de Estado, poder y dominio desde una perspectiva teórica y reflexiva. Se exploran los mecanismos y relaciones que subyacen en estas nociones, considerando su influencia en la estructura y funcionamiento de la sociedad contemporánea. Se examinan las formas en que el Estado ejerce el poder y cómo este se entrelaza con dinámicas de dominio, abordando cuestiones de desigualdad, control social y resistencia. A través de un enfoque multidisciplinario, se busca comprender la complejidad de estas relaciones y su impacto en la vida cotidiana de las personas. RAR 10/2022 
600 1 4 |9 7578  |a Vargas, Jenniffer 
650 0 |2 OCDE  |9 243  |a ESTADO 
650 0 |2 OCDE  |9 1026  |a PODER 
650 0 |2 OCDE  |9 419  |a CONTROL SOCIAL 
650 0 |2 OCDE  |9 2137  |a ESTRUCTURA SOCIAL 
700 1 |9 7578  |a Vargas, Jenniffer 
700 1 |9 7579  |a Uribe Kaffure, Sonia 
773 0 |0 19269  |9 2209  |a FLACSO, México  |d México: FLACSO  |o 18762  |t Perfiles Latinoamericanos /  |x 01887653 
942 |2 ddc  |c PP 
999 |c 41623  |d 41623